The energy efficiency impacts of upgrading informal settlements in developing countries (Record no. 110633)

MARC details
000 -LEADER
fixed length control field 01507cad a22002775a 4500
001 - CONTROL NUMBER
control field E149806
008 - FIXED-LENGTH DATA ELEMENTS--GENERAL INFORMATION
fixed length control field 100429s2009 xxk f 000 0 eng d
020 ## - INTERNATIONAL STANDARD BOOK NUMBER
International Standard Book Number 9781842195710
035 ## - SYSTEM CONTROL NUMBER
System control number (Sirsi) u149806
041 0# - LANGUAGE CODE
Language code of text/sound track or separate title eng
100 1# - MAIN ENTRY--PERSONAL NAME
Personal name Kashyap, Anil
245 04 - TITLE STATEMENT
Title The energy efficiency impacts of upgrading informal settlements in developing countries
Remainder of title an exploration of urban areas in India
Medium [electronic resource]
260 ## - PUBLICATION, DISTRIBUTION, ETC.
Place of publication, distribution, etc. London
Name of publisher, distributor, etc. RICS
Date of publication, distribution, etc. 2009
490 #0 - SERIES STATEMENT
Series statement RICS Research
520 ## - SUMMARY, ETC.
Summary, etc. Analyses the energy efficiency characteristics of informal and formal settlements in India in order to make recommendations as to how the upgrading of informal settlements to make them more energy efficient can be achieved. Emphasises the need for community involvement, along with new planning policies, transport management, and proactive strategies for the planning and design of new neighbourhoods.
521 ## - TARGET AUDIENCE NOTE
Target audience note Advanced
590 ## - LOCAL NOTE (RLIN)
Local note KA
651 #4 - SUBJECT ADDED ENTRY--GEOGRAPHIC NAME
Geographic name India
690 ## - LOCAL SUBJECT ADDED ENTRY--TOPICAL TERM (OCLC, RLIN)
Topical term or geographic name as entry element ENVIRONMENTAL AND LAND CONSULTANCY-ENERGY-ENERGY USE-ENERGY EFFICIENCY
690 ## - LOCAL SUBJECT ADDED ENTRY--TOPICAL TERM (OCLC, RLIN)
Topical term or geographic name as entry element ENVIRONMENTAL AND LAND CONSULTANCY-PLANNING AND DEVELOPMENT
700 1# - ADDED ENTRY--PERSONAL NAME
Personal name Berry, Jim
700 1# - ADDED ENTRY--PERSONAL NAME
Personal name McGreal, Stanley
700 1# - ADDED ENTRY--PERSONAL NAME
Personal name Adair, Alastair
856 40 - ELECTRONIC LOCATION AND ACCESS
Uniform Resource Identifier <a href="https://www.rics.org/en/jaduimportroot/jadudownloads/Energy--climate-change_/The-energy-efficiency-impacts-of-upgrading-informal-settlements-in-developing-countries-an-exploration-of-urban-areas-in-India_5652/">https://www.rics.org/en/jaduimportroot/jadudownloads/Energy--climate-change_/The-energy-efficiency-impacts-of-upgrading-informal-settlements-in-developing-countries-an-exploration-of-urban-areas-in-India_5652/</a>
Public note View the report free of charge at www.rics.org
942 ## - ADDED ENTRY ELEMENTS (KOHA)
Suppress in OPAC 0
Holdings
Withdrawn status Lost status Source of classification or shelving scheme Damaged status Not for loan Home library Current library Shelving location Date acquired Total Checkouts Full call number Barcode Date last seen Copy number Price effective from Koha item type
    Dewey Decimal Classification     Virtual Virtual Online 29/04/2010   ONLINE PUBLICATION 149806-2001 06/08/2019 1 06/08/2019 Book